Statistics for Countries with the Fewest Visitors

Click here to take the quiz!

General Stats

  • This quiz has been taken 45 times
  • The average score is 7 of 10

Answer Stats

Continent Annual Tourists Country % Correct
Australia2,000Tuvalu
88%
Australia6,000Marshall Islands
86%
Australia6,000Kiribati
86%
Australia26,000Solomon Islands
86%
Australia30,000Micronesia
77%
Africa28,000Comoros
70%
Africa29,000Sao Tome and Principe
70%
Africa51,000Djibouti
63%
Africa22,000Guinea-Bissau
58%
Africa54,000Sierra Leone
40%

Score Distribution

Percentile by Number Answered

Percent of People with Each Score

Your Score History

You have not taken this quiz